[Event "Amantea op-B 8th"]
[Site "Amantea"]
[Date "2010.09.05"]
[Round "8"]
[White "Santo, Pierluca"]
[Black "Scerra, Ezio"]
[Result "0-1"]
[WhiteElo "1440"]
[BlackElo "1419"]
[PlyCount "84"]
[EventDate "2010.08.29"]
[EventType "swiss"]
[EventRounds "9"]
[EventCountry "ITA"]
[SourceTitle "CBM 138 Extra"]
[Source "ChessBase"]
[SourceDate "2010.10.29"]
[SourceVersion "1"]
[SourceVersionDate "2010.10.29"]
[SourceQuality "1"]

1. d4 g6 2. g3 d5 3. e3 Bg7 4. Nf3 Nf6 5. Bb5+ c6 6. Bd3 0-0 7. c4 Bg4 8. h3 Bd7 9. Ne5 Be6 10. e4 Nxe4 11. h4 Nd7 12. h5 Nxe5 13. Bxe4 dxe4 14. dxe5 Qxd1+ 15. Kxd1 Bg4+ 16. Kc2 Bxe5 17. Nd2 Bf5 18. f4 e3+ 19. Kd1 exd2 20. Bxd2 Bxb2 21. Rb1 Bd4 22. Rxb7 Rfb8 23. Rxe7 Rb1+ 24. Bc1 Bb2 25. Rhe1 Rd8+ 26. Ke2 Rxc1 27. Rb7 Rxe1+ 28. Kxe1 Bc3+ 29. Kf2 Rd2+ 30. Ke1 Rd7+ 31. Kf2 Rxb7 32. g4 Bxg4 33. Kg3 Bxh5 34. f5 Kg7 35. Kf4 Kf6 36. c5 Rb4+ 37. Ke3 Ke5 38. Kd3 Bd4 39. a3 Rb3+ 40. Kc4 Rf3 41. a4 a5 42. f6 Rc3# 0-1

[Event "Amantea op-B 8th"]
[Site "Amantea"]
[Date "2010.08.31"]
[Round "3"]
[White "Sansosti, Simona"]
[Black "Santo, Pierluca"]
[Result "1-0"]
[WhiteElo "1410"]
[BlackElo "1440"]
[PlyCount "57"]
[EventDate "2010.08.29"]
[EventType "swiss"]
[EventRounds "9"]
[EventCountry "ITA"]
[SourceTitle "CBM 138 Extra"]
[Source "ChessBase"]
[SourceDate "2010.10.29"]
[SourceVersion "1"]
[SourceVersionDate "2010.10.29"]
[SourceQuality "1"]

1. d4 d5 2. Nf3 e6 3. e3 Bd7 4. Bd3 Bb4+ 5. c3 Bd6 6. Nbd2 Qf6 7. Qe2 Nh6 8. e4 Qg6 9. 0-0 c6 10. e5 f5 11. exd6 Ng4 12. Ne5 Qg5 13. Nxg4 fxg4 14. f3 h5 15. f4 Qh4 16. g3 Qf6 17. Rf2 h4 18. Nf1 c5 19. dxc5 0-0 20. Qxg4 e5 21. f5 Qf7 22. Qxh4 Na6 23. Be3 d4 24. cxd4 exd4 25. Bxd4 Nb4 26. Bb1 Rfe8 27. f6 Be6 28. Qh7+ Kf8 29. fxg7# 1-0